[Event "Deizisau Autumn op 15th"]
[Site "Deizisau"]
[Date "2021.10.31"]
[Round "5"]
[White "Doering, Stefan"]
[Black "Deubel, Silas"]
[Result "1/2-1/2"]
[WhiteElo "2046"]
[BlackElo "1531"]
[PlyCount "58"]
[EventDate "2021.10.29"]
[EventType "swiss"]
[EventRounds "7"]
[EventCountry "GER"]
[SourceTitle "CBM 204 Extra"]
[Source "ChessBase"]
[SourceDate "2021.11.30"]
[SourceVersion "1"]
[SourceVersionDate "2021.11.30"]
[SourceQuality "1"]

1. e4 c5 2. Nc3 e6 3. Nf3 Nc6 4. Bb5 Nd4 5. 0-0 Nxb5 6. Nxb5 a6 7. Nc3 Ne7 8. d4 cxd4 9. Qxd4 Nc6 10. Qd3 Be7 11. Be3 b5 12. Rad1 Qc7 13. a3 Bb7 14. Bf4 d6 15. Bxd6 Bxd6 16. Qxd6 Qxd6 17. Rxd6 Ke7 18. Rfd1 Rhd8 19. Rxd8 Rxd8 20. Rxd8 Nxd8 21. Nd4 f6 22. Kf1 Nf7 23. b3 g6 24. f3 h5 25. Ke2 e5 26. Ndxb5 axb5 27. Nxb5 Ba6 28. a4 Bxb5+ 29. axb5 Kd6 1/2-1/2

[Event "Deizisau Autumn op 14th"]
[Site "Deizisau"]
[Date "2019.10.27"]
[Round "5"]
[White "Lehmann, Stefan1111"]
[Black "Doering, Stefan"]
[Result "1/2-1/2"]
[WhiteElo "1989"]
[BlackElo "2025"]
[PlyCount "74"]
[EventDate "2019.10.25"]
[EventType "swiss"]
[EventRounds "7"]
[EventCountry "GER"]
[SourceTitle "CBM 192 Extra"]
[Source "Chessbase"]
[SourceDate "2019.11.06"]
[SourceVersion "1"]
[SourceVersionDate "2019.11.06"]
[SourceQuality "1"]

1. e4 c5 2. Nc3 Nc6 3. Nf3 e6 4. d4 cxd4 5. Nxd4 Qc7 6. Qd3 a6 7. Nxc6 bxc6 8. Qg3 d6 9. Bc4 Nf6 10. Be3 Qb7 11. Bb3 Be7 12. 0-0 0-0 13. Rad1 c5 14. Bh6 Ne8 15. Bf4 Bd7 16. Rfe1 Rc8 17. Ba4 Bxa4 18. Nxa4 Qb4 19. Qb3 Qa5 20. c4 Bf6 21. e5 dxe5 22. Bxe5 Bxe5 23. Rxe5 Nf6 24. Nc3 Rfd8 25. Ree1 Rd4 26. Ne2 Rd2 27. Nc3 Rd4 28. Ne2 Rd2 29. Nc3 Rcd8 30. Rxd2 Rxd2 31. Rd1 Rxd1+ 32. Qxd1 h6 33. f3 Qb6 34. b3 Qc7 35. Qd2 Qe5 36. g3 Qf5 37. Kg2 Kh7 1/2-1/2

[Event "Deizisau Autumn op 14th"]
[Site "Deizisau"]
[Date "2019.10.26"]
[Round "3"]
[White "Noppes, Marina"]
[Black "Doering, Stefan"]
[Result "0-1"]
[WhiteElo "1973"]
[BlackElo "2025"]
[PlyCount "58"]
[EventDate "2019.10.25"]
[EventType "swiss"]
[EventRounds "7"]
[EventCountry "GER"]
[SourceTitle "CBM 192 Extra"]
[Source "Chessbase"]
[SourceDate "2019.11.06"]
[SourceVersion "1"]
[SourceVersionDate "2019.11.06"]
[SourceQuality "1"]

1. d4 d5 2. Nf3 Nf6 3. c4 e6 4. g3 dxc4 5. Qa4+ Nbd7 6. Bg2 a6 7. Qxc4 b5 8. Qc2 Bb7 9. Bf4 Rc8 10. Nbd2 c5 11. dxc5 Bxc5 12. Qd1 e5 13. Be3 Bxe3 14. fxe3 Qb6 15. Nf1 0-0 16. h3 Rfd8 17. Kf2 Nc5 18. Qe1 Nce4+ 19. Kg1 Qc5 20. Kh2 Qc2 21. Nxe5 Qxb2 22. Nd3 Qc2 23. Nb4 Qa4 24. a3 Qb3 25. Nd3 Rc2 26. Rg1 Qe6 27. Nb4 Ng4+ 28. hxg4 Qh6+ 29. Bh3 Ng5 0-1

[Event "Stuttgart-chA int"]
[Site "Ditzingen"]
[Date "2018.05.13"]
[Round "7"]
[White "Doering, Stefan"]
[Black "Leutwyler, Martin"]
[Result "1-0"]
[WhiteElo "1983"]
[BlackElo "2193"]
[PlyCount "73"]
[EventDate "2018.05.10"]
[EventType "swiss"]
[EventRounds "7"]
[EventCountry "GER"]
[SourceTitle "EXT 2020"]
[Source "ChessBase"]
[SourceDate "2019.10.17"]
[SourceVersion "1"]
[SourceVersionDate "2019.10.17"]
[SourceQuality "1"]

1. Nf3 d5 2. e3 Nf6 3. c4 c6 4. Nc3 a6 5. d4 b5 6. c5 g6 7. Ne5 Bg7 8. Bd3 a5 9. a3 Nfd7 10. f4 Nxe5 11. fxe5 f6 12. exf6 Bxf6 13. Qb3 Bf5 14. Bxf5 gxf5 15. Bd2 e6 16. Qd1 0-0 17. 0-0 Nd7 18. Be1 Kh8 19. Bg3 Rg8 20. Ne2 Rg4 21. Nf4 Qg8 22. Qd3 Qf7 23. a4 b4 24. b3 h5 25. Ra2 h4 26. Be1 Be7 27. Nh3 Nf6 28. Rf4 Qh5 29. Rxg4 Nxg4 30. Nf4 Qf7 31. h3 e5 32. Ne2 e4 33. Qd2 Nh6 34. Nf4 Qg8 35. Qe2 Qf7 36. Qf1 Qf6 37. Bxh4 1-0

[Event "Wuerttemberg-ch KT"]
[Site "Stuttgart"]
[Date "2017.08.31"]
[Round "6"]
[White "Meschke, Andreas"]
[Black "Doering, Stefan"]
[Result "1/2-1/2"]
[WhiteElo "2040"]
[BlackElo "1931"]
[PlyCount "54"]
[EventDate "2017.08.26"]
[EventType "swiss"]
[EventRounds "7"]
[EventCountry "GER"]
[SourceTitle "EXT 2019"]
[Source "ChessBase"]
[SourceDate "2018.10.10"]
[SourceVersion "1"]
[SourceVersionDate "2018.10.10"]
[SourceQuality "1"]

1. e4 e5 2. Nf3 Nc6 3. Bc4 Bc5 4. c3 Nf6 5. d3 d6 6. a4 a5 7. 0-0 0-0 8. Bg5 h6 9. Be3 Bxe3 10. fxe3 d5 11. exd5 Nxd5 12. Qe1 Bg4 13. Nbd2 Bxf3 14. Nxf3 Qd6 15. Nd2 Nf6 16. Qg3 Ne7 17. Rf2 Kh8 18. Raf1 Neg8 19. Qh4 Qb6 20. d4 Rae8 21. Nf3 exd4 22. exd4 Ne4 23. Re2 Nd6 24. Rxe8 Rxe8 25. Bb5 c6 26. Bd3 Qxb2 27. Ne5 Qxc3 1/2-1/2

[Event "Stuttgart-chA int"]
[Site "Ditzingen"]
[Date "2016.05.07"]
[Round "6"]
[White "Huettig, Michael"]
[Black "Doering, Stefan"]
[Result "1-0"]
[WhiteElo "2164"]
[BlackElo "1945"]
[PlyCount "85"]
[EventDate "2016.05.05"]
[EventType "swiss"]
[EventRounds "7"]
[EventCountry "GER"]
[SourceTitle "EXT 2018"]
[Source "ChessBase"]
[SourceDate "2017.10.13"]
[SourceVersion "1"]
[SourceVersionDate "2017.10.13"]
[SourceQuality "1"]

1. Nf3 Nf6 2. g3 d5 3. Bg2 c6 4. 0-0 Bf5 5. d3 Nbd7 6. Nbd2 e6 7. c4 Be7 8. b3 0-0 9. Bb2 Qc7 10. Rc1 Rfd8 11. h3 h6 12. a3 Rac8 13. b4 a6 14. Nd4 Bh7 15. cxd5 exd5 16. N2b3 Qd6 17. Na5 Rc7 18. Nxb7 Rxb7 19. Rxc6 Qe5 20. Qc1 Qg5 21. Rxa6 Nb8 22. Ra8 Bd6 23. Qxg5 hxg5 24. Rc1 Nc6 25. Rxd8+ Nxd8 26. Rc8 Rb8 27. Rxb8 Bxb8 28. Nb3 Bf5 29. b5 Kf8 30. a4 Bc7 31. g4 Be6 32. Nd4 Ke7 33. Nf5+ Bxf5 34. gxf5 Kd6 35. Bc1 Nd7 36. Bxg5 f6 37. Be3 Nb7 38. d4 Bd8 39. Bf4+ Ke7 40. Bxd5 Na5 41. Bd2 Nb7 42. Bb4+ Ke8 43. Be6 1-0

[Event "GER-chT U12"]
[Site "Verden"]
[Date "2005.12.29"]
[Round "5.4"]
[White "Doering, Stefan"]
[Black "Emrich, Timm"]
[Result "0-1"]
[WhiteElo "1140"]
[BlackElo "910"]
[PlyCount "56"]
[EventDate "2005.12.27"]
[EventType "team-swiss"]
[EventRounds "7"]
[EventCountry "GER"]
[SourceTitle "CBM 110 Extra"]
[Source "ChessBase"]
[SourceDate "2006.03.10"]
[SourceVersion "2"]
[SourceVersionDate "2006.03.10"]
[SourceQuality "1"]

1. e4 e5 2. Nf3 Nc6 3. Bc4 Bc5 4. c3 Nf6 5. d4 exd4 6. cxd4 Bb4+ 7. Nc3 Bxc3+ 8. bxc3 d5 9. exd5 Nxd5 10. Qb3 Be6 11. Bxd5 Bxd5 12. c4 Bxf3 13. Qxf3 Nxd4 14. Qxb7 Nc2+ 15. Ke2 Nxa1 16. Re1 0-0 17. Kf1 Nc2 18. Qe4 Nxe1 19. Kxe1 Re8 20. Qxe8+ Qxe8+ 21. Kf1 Qa4 22. Ke2 Qxc4+ 23. Kd1 Rd8+ 24. Ke1 Qxc1+ 25. Ke2 Qd2+ 26. Kf3 Rd3+ 27. Kg4 Qb4+ 28. Kg5 Rd5# 0-1

[Event "Wuerttemberg-ch U10"]
[Site "Friedrichshafen"]
[Date "2005.04.02"]
[Round "7"]
[White "Doering, Stefan"]
[Black "Schaefer, Daniela"]
[Result "0-1"]
[WhiteElo "1046"]
[BlackElo "1018"]
[PlyCount "42"]
[EventDate "2005.03.29"]
[EventType "swiss"]
[EventRounds "7"]
[EventCountry "GER"]
[SourceTitle "EXT 2007"]
[Source "ChessBase"]
[SourceDate "2006.11.23"]
[SourceVersion "1"]
[SourceVersionDate "2006.11.23"]
[SourceQuality "1"]

1. e4 d6 2. d4 g6 3. Nc3 Bg7 4. Be3 Nf6 5. f3 b6 6. Qd2 Bb7 7. 0-0-0 Nbd7 8. Bc4 e5 9. Nge2 Qe7 10. d5 0-0-0 11. Qd3 h5 12. Ba6 Bh6 13. Bxb7+ Kxb7 14. Bxh6 Rxh6 15. Qb5 Nc5 16. b4 Na6 17. Qc6+ Kb8 18. b5 Nc5 19. Kb1 Ng8 20. f4 Qf6 21. fxe5 Qxe5 0-1

[Event "Wuerttemberg-ch U10"]
[Site "Friedrichshafen"]
[Date "2005.03.31"]
[Round "5"]
[White "Doering, Stefan"]
[Black "Wickenheisser, Markus"]
[Result "1/2-1/2"]
[WhiteElo "1046"]
[BlackElo "1053"]
[PlyCount "53"]
[EventDate "2005.03.29"]
[EventType "swiss"]
[EventRounds "7"]
[EventCountry "GER"]
[SourceTitle "EXT 2007"]
[Source "ChessBase"]
[SourceDate "2006.11.23"]
[SourceVersion "1"]
[SourceVersionDate "2006.11.23"]
[SourceQuality "1"]

1. e4 e5 2. Nf3 Nf6 3. Bc4 Nc6 4. Nc3 Bc5 5. 0-0 0-0 6. d3 d6 7. Bg5 Bg4 8. h3 Bh5 9. Nd5 Nd4 10. Nxf6+ gxf6 11. Bh6 Re8 12. c3 Nxf3+ 13. gxf3 Kh8 14. Kh2 Rg8 15. Rg1 Rg6 16. Rxg6 fxg6 17. Be3 Bxe3 18. fxe3 Qd7 19. d4 exd4 20. exd4 Rd8 21. Be2 d5 22. Qd3 dxe4 23. fxe4 Bxe2 24. Qxe2 Re8 25. Qf3 Qd6+ 26. Kg2 Qc6 27. d5 1/2-1/2

[Event "GER-ch U10"]
[Site "Willingen"]
[Date "2004.06.01"]
[Round "6"]
[White "Doering, Stefan"]
[Black "Malici, Nora"]
[Result "0-1"]
[WhiteElo "1113"]
[BlackElo "912"]
[PlyCount "54"]
[EventDate "2004.06.??"]
[EventType "swiss"]
[EventRounds "11"]
[EventCountry "GER"]
[SourceTitle "EXT 2005"]
[Source "ChessBase"]
[SourceDate "2004.11.15"]
[SourceVersion "1"]
[SourceVersionDate "2004.11.15"]
[SourceQuality "1"]

1. e4 e5 2. Nf3 Nc6 3. Bc4 d6 4. d4 exd4 5. Nxd4 Nxd4 6. Qxd4 Qf6 7. Be3 c5 8. Bb5+ Bd7 9. Bxd7+ Kxd7 10. Qxf6 Nxf6 11. Nc3 Re8 12. f3 d5 13. 0-0-0 d4 14. Ne2 Kc8 15. Bf4 Re6 16. c3 dxc3 17. Nxc3 Nh5 18. Be3 f5 19. Rd5 Rc6 20. Rxf5 Nf6 21. e5 Nd7 22. f4 g6 23. Rf7 Rg8 24. Rd1 Rg7 25. Rxf8+ Nxf8 26. Nb5 b6 27. Nxa7+ Rxa7 0-1